dscope for windows : source level debugger high speed simulator and target debugger user guide 01.97 (Record no. 183523)

MARC details
000 -LEADER
fixed length control field 00505nam a2200145Ia 4500
008 - FIXED-LENGTH DATA ELEMENTS--GENERAL INFORMATION
fixed length control field 231217s9999 xx 000 0 und d
041 ## - LANGUAGE CODE
Language code of text/sound track or separate title English
082 ## - DEWEY DECIMAL CLASSIFICATION NUMBER
Classification number 001.6424 KEI;1 R
100 ## - MAIN ENTRY--PERSONAL NAME
Personal name Keil Software.
245 #0 - TITLE STATEMENT
Title dscope for windows : source level debugger high speed simulator and target debugger user guide 01.97
260 ## - PUBLICATION, DISTRIBUTION, ETC.
Date of publication, distribution, etc. 1997
Name of publisher, distributor, etc. Keil Software
Place of publication, distribution, etc. Texas
300 ## - PHYSICAL DESCRIPTION
Extent xiii+346
650 ## - SUBJECT ADDED ENTRY--TOPICAL TERM
Topical term or geographic name entry element dscope,windows,source,level,debugger,high,speed,simulator,target,debugger,user,01.97
942 ## - ADDED ENTRY ELEMENTS (KOHA)
Koha item type Books
Holdings
Date last seen Total checkouts Full call number Accession number Uniform resource identifier Price effective from Category Lost status Damaged status Department Withdrawn status Home library Current library Shelving location Entry date Vendor Grants Billdate Currency symbol Conversion rate Discount Old discount
26/01/2024   001.6424 KEI;1 R 54875 digital/contents/54875.pdf 26/01/2024 Books     Central Library   Central Library Central Library Central Library 22/07/2009 Publisher DONATED 26/01/2013 RS 1    

© For any Suggestions or Query, please contact the library staff @ librarian@pes.edu or Phone: +9180 2672 1983/ 2108.